Countries Most Similar To Cyprus - Statistics

General Stats
  • This quiz has been taken 138 times
  • The average score is 13 of 20
Answer Stats
Rank Countries Score % Correct
1 Greece 80.9
98%
19 Turkey 63
97%
4 Italy 68.8
89%
9 Bulgaria 65.7
81%
5 Spain 68.6
81%
7 Croatia 66.8
80%
2 Portugal 69.4
77%
6 Albania 66.8
75%
18 Lebanon 63.3
71%
11 Romania 65.5
71%
13 Serbia 64.7
71%
14 France 63.9
70%
3 Montenegro 69
68%
8 Slovenia 65.9
66%
10 North Macedonia 65.6
65%
15 Bosnia and Herzegovina 63.6
54%
17 Georgia 63.4
51%
12 Slovakia 65
45%
16 Ireland 63.5
15%
20 Estonia 63
4%
No matching quizzes found
Score Distribution
Percent of People with Each Score
Percentile by Number Answered
Your Score History
You have not taken this quiz